LIBRARY ONLINE CATALOGUE

Essentials of corparate financial management (Record no. 16504)

MARC details
000 -LEADER
fixed length control field 01125nam a22001697a 4500
008 - FIXED-LENGTH DATA ELEMENTS--GENERAL INFORMATION
fixed length control field 170922b xxu||||| |||| 00| 0 eng d
020 ## - INTERNATIONAL STANDARD BOOK NUMBER
International Standard Book Number 0273758877
040 ## - CATALOGING SOURCE
Original cataloging agency KABU
Transcribing agency KABU
050 ## - LIBRARY OF CONGRESS CALL NUMBER
Classification number HG4026
Item number .A76 2013
100 ## - MAIN ENTRY--PERSONAL NAME
Personal name Arnold, Glen
245 ## - TITLE STATEMENT
Title Essentials of corparate financial management
Statement of responsibility, etc. Glen Arnold
250 ## - EDITION STATEMENT
Edition statement 2nd ed.
260 ## - PUBLICATION, DISTRIBUTION, ETC. (IMPRINT)
Place of publication, distribution, etc. Harlow, England
Name of publisher, distributor, etc. Pearson Education
Date of publication, distribution, etc. 2013
300 ## - PHYSICAL DESCRIPTION
Extent xxiii, 544 p.
650 ## - SUBJECT ADDED ENTRY--TOPICAL TERM
Topical term or geographic name as entry element Corporations
General subdivision Finance
942 ## - ADDED ENTRY ELEMENTS (KOHA)
Source of classification or shelving scheme Library of Congress Classification
Koha item type General Collection
Edition 2nd ed.
Classification part HG4026 .A76 2013
Holdings
Withdrawn status Lost status Source of classification or shelving scheme Not for loan Home library Current library Shelving location Date acquired Cost, normal purchase price Inventory number Total Checkouts Full call number Barcode Date last seen Copy number Price effective from Koha item type Date last checked out
    Library of Congress Classification   Kabarak, Main Campus Kabarak, Main Campus General Stacks 22/09/2017 4487.07 2017/0254   HG4026 .A76 2013 C.1 027589 22/09/2017 C.1 22/09/2017 General Collection  
    Library of Congress Classification   Kabarak, Nakuru City Campus Kabarak, Nakuru City Campus General Stacks 22/09/2017 4487.07   1 KTC HG4026 .A76 2013 C.1 027563 06/04/2022 C.1 22/09/2017 General Collection 01/04/2022